Population bulletin of the United Nations. (Record no. 1309)

MARC details
000 -LEADER
fixed length control field 03375cas a2200697 a 4500
001 - CONTROL NUMBER
control field 11300435
003 - CONTROL NUMBER IDENTIFIER
control field OSt
005 - DATE AND TIME OF LATEST TRANSACTION
control field 20230619134118.0
008 - FIXED-LENGTH DATA ELEMENTS--GENERAL INFORMATION
fixed length control field 791106d19532002nyu x s i0 a0eng c
010 ## - LIBRARY OF CONGRESS CONTROL NUMBER
LC control number 85645317
Canceled/invalid LC control number 2002278305
016 7# - NATIONAL BIBLIOGRAPHIC AGENCY CONTROL NUMBER
Record control number 23470020R
Source DNLM
016 7# - NATIONAL BIBLIOGRAPHIC AGENCY CONTROL NUMBER
Record control number SR0023999
Source DNLM
016 ## - NATIONAL BIBLIOGRAPHIC AGENCY CONTROL NUMBER
Record control number (AMICUS)000005579989
022 ## - INTERNATIONAL STANDARD SERIAL NUMBER
International Standard Serial Number 0251-7604
ISSN-L 0251-7604
Source 0
035 ## - SYSTEM CONTROL NUMBER
System control number (OCoLC)ocm05655827
037 ## - SOURCE OF ACQUISITION
Source of stock number/acquisition United Nations, Sales Section, New York, NY
040 ## - CATALOGING SOURCE
Original cataloging agency MDB
Language of cataloging eng
Transcribing agency MDB
Modifying agency NYG
-- MUL
-- OCL
-- AIP
-- DLC
-- OCL
-- NST
-- HUL
-- NST
-- NSD
-- OCL
-- NST
-- FUG
-- HVL
-- SYS
-- NLM
-- OCLCQ
-- DLC
-- NLGGC
-- CUV
-- OCLCQ
-- NLM
-- OCLCA
-- OCLCQ
-- OCLCO
-- OCLCQ
-- OCLCA
-- OCLCF
-- OCLCO
-- OCLCQ
-- NLC
-- OCLCQ
-- GILDS
-- OCLCO
-- OCLCA
-- IL4J6
042 ## - AUTHENTICATION CODE
Authentication code pcc
-- nsdp
050 00 - LIBRARY OF CONGRESS CALL NUMBER
Classification number HB848
Item number .P619
060 00 - NATIONAL LIBRARY OF MEDICINE CALL NUMBER
Classification number W2 MU5
Item number D3p
082 04 - DEWEY DECIMAL CLASSIFICATION NUMBER
Classification number 304.6/05
Edition number 19
Item number UN
210 0# - ABBREVIATED TITLE
Abbreviated title Popul. bull. U.N.
222 #0 - KEY TITLE
Key title Population bulletin of the United Nations
245 00 - TITLE STATEMENT
Title Population bulletin of the United Nations.
260 ## - PUBLICATION, DISTRIBUTION, ETC. (IMPRINT)
Place of publication, distribution, etc. New York :
Name of publisher, distributor, etc. United Nations,
Date of publication, distribution, etc. 1953-
300 ## - PHYSICAL DESCRIPTION
Extent volumes ;
Dimensions 28 cm
310 ## - CURRENT PUBLICATION FREQUENCY
Current publication frequency Irregular
336 ## - CONTENT TYPE
Content type term text
Content type code txt
Source rdacontent
337 ## - MEDIA TYPE
Media type term unmediated
Media type code n
Source rdamedia
338 ## - CARRIER TYPE
Carrier type term volume
Carrier type code nc
Source rdacarrier
362 0# - DATES OF PUBLICATION AND/OR SEQUENTIAL DESIGNATION
Dates of publication and/or sequential designation No. 3 (Oct. 1953)-
362 1# - DATES OF PUBLICATION AND/OR SEQUENTIAL DESIGNATION
Dates of publication and/or sequential designation Ceased with Special issue no. 48/49 (2002).
500 ## - GENERAL NOTE
General note ST/SOA/Ser. N and ST/ESA/Ser. N.
500 ## - GENERAL NOTE
General note Some vols., called Special issue, also have a distinctive title.
515 ## - NUMBERING PECULIARITIES NOTE
Numbering peculiarities note Issued with United Nations publications sales numbers.
515 ## - NUMBERING PECULIARITIES NOTE
Numbering peculiarities note Some issues combined.
550 ## - ISSUING BODY NOTE
Issuing body note Issued by: Dept. of Social Affairs, Population Division, 1953-1954; Dept. of Economic and Social Affairs, 1956-1977; Dept. of International Economic and Social Affairs, 1978-<1984>; Dept. for Economic and Social Information and Policy Analysis, Population Division, -1995; Dept. of Economic and Social Affairs, Population Division, 1999-
588 ## - SOURCE OF DESCRIPTION NOTE
Source of description note Latest issue consulted: Special issue no. 44/45, published in 2002.
590 ## - LOCAL NOTE (RLIN)
Local note SERBIB/SERLOC merged record
650 #0 - SUBJECT ADDED ENTRY--TOPICAL TERM
Topical term or geographic name as entry element Population
Form subdivision Periodicals.
650 12 - SUBJECT ADDED ENTRY--TOPICAL TERM
Topical term or geographic name as entry element Population.
650 #7 - SUBJECT ADDED ENTRY--TOPICAL TERM
Topical term or geographic name as entry element Population.
Source of heading or term fast
Authority record control number (OCoLC)fst01071476
650 17 - SUBJECT ADDED ENTRY--TOPICAL TERM
Topical term or geographic name as entry element Bevolkingsstatistiek.
Source of heading or term gtt
650 #7 - SUBJECT ADDED ENTRY--TOPICAL TERM
Topical term or geographic name as entry element Population
Form subdivision Periodicals.
Source of heading or term nli
650 #7 - SUBJECT ADDED ENTRY--TOPICAL TERM
Topical term or geographic name as entry element Demography
Form subdivision Periodicals.
Source of heading or term nli
655 #7 - INDEX TERM--GENRE/FORM
Genre/form data or focus term Periodicals.
Source of term fast
Authority record control number (OCoLC)fst01411641
655 #7 - INDEX TERM--GENRE/FORM
Genre/form data or focus term Periodicals.
Source of term lcgft
710 2# - ADDED ENTRY--CORPORATE NAME
Corporate name or jurisdiction name as entry element United Nations.
Subordinate unit Department of Economic and Social Affairs.
-- Population Division.
710 2# - ADDED ENTRY--CORPORATE NAME
Corporate name or jurisdiction name as entry element United Nations.
Subordinate unit Department for Economic and Social Information and Policy Analysis.
-- Population Division.
710 2# - ADDED ENTRY--CORPORATE NAME
Corporate name or jurisdiction name as entry element United Nations.
Subordinate unit Department of International Economic and Social Affairs.
710 2# - ADDED ENTRY--CORPORATE NAME
Corporate name or jurisdiction name as entry element United Nations.
Subordinate unit Department of Economic and Social Affairs.
710 2# - ADDED ENTRY--CORPORATE NAME
Corporate name or jurisdiction name as entry element United Nations.
Subordinate unit Department of Social Affairs.
-- Population Division.
776 08 - ADDITIONAL PHYSICAL FORM ENTRY
Relationship information Online version:
Title Population bulletin of the United Nations
Record control number (OCoLC)646833848
780 00 - PRECEDING ENTRY
Title Population bulletin
Record control number (DLC) 59038570
-- (OCoLC)5982271
906 ## - LOCAL DATA ELEMENT F, LDF (RLIN)
a 7
b cbc
c serials
d 2
e ncip
f 19
g n-oclcserc
942 ## - ADDED ENTRY ELEMENTS (KOHA)
Source of classification or shelving scheme Dewey Decimal Classification
Koha item type Books
Holdings
Withdrawn status Lost status Source of classification or shelving scheme Damaged status Not for loan Home library Current library Date acquired Total Checkouts Full call number Barcode Date last seen Price effective from Koha item type
    Dewey Decimal Classification     County Hall Archives County Hall Archives 06/19/2023   304.6/05 UN 10011301 06/19/2023 06/19/2023 Books
    Dewey Decimal Classification     County Hall Archives County Hall Archives 06/19/2023   304.6/05 UN 10010600 06/19/2023 06/19/2023 Books
LIBRARY OPENING HOURS

When the Parliament is sitting: 8.00a.m - 7.00p.m or until the house adjourns
Mondays and Fridays and when the House is on Recess:  8.00a.m - 5.00p.m
Closed on Weekends and Public Holidays

Online Public Access Catalog (OPAC)
Website: http://www.parliament.go.ke
Bunge Library: https://libraryir.parliament.go.ke
Contact: library@parliament.go.ke | Tel no: (254-2)2221291 or 2848000 Ext 5043